000 01083cam9a220025301 4500
001 lce02697759
005 20190819114845.0
008 891211s1982 at eng
010 _a 89215252
020 _a1862527520
035 _a(Sirsi) r48659
035 _a(DLC) 89215252
035 _a(UPRA)lce02697759
040 _aDLC
_cDLC
_dUPRA
050 0 0 _aMLCM 92/03511 (G)
110 2 _bRegional Conference d8.1..35.7 c8.1..43.15
_6A6717.1
245 1 0 _aGeographical perspectives on development in Southern Africa :
_bpapers from the Regional Conference of the Commonwealth Geographic Bureau, Lusaka, 1982 /
_cedited by Geoffrey J. Williams and Adrian P. Wood.
260 _a[Australia] :
_bCommonwealth Geographical Bureau at James Cook University of North Queensland, Australia,
_c[1982]
500 _a"Papers from the Regional Conference of the Commonwealth Geographical Bureau, Lusaka, 1982."--Cover.
700 1 _aWilliams, Geoffrey J.
_6A6718.1
700 1 _aWood, Adrian P.
_6A6719.1
949 _aMLCM 92/03511 (G)
_wlcc
_mMAIN
_tBOOK
_lON-SHELF
004 48659
999 _c109479
_d109479